Journal of Spectral Theory (Record no. 86554)

MARC details
000 -LEADER
fixed length control field 00261nam a22000977a 4500
005 - DATE AND TIME OF LATEST TRANSACTION
control field 20160722093935.0
008 - FIXED-LENGTH DATA ELEMENTS--GENERAL INFORMATION
fixed length control field 160722b xxu||||| |||| 00| 0 eng d
245 ## - TITLE STATEMENT
Title Journal of Spectral Theory
260 ## - PUBLICATION, DISTRIBUTION, ETC. (IMPRINT)
Place of publication, distribution, etc Switzerland
Name of publisher, distributor, etc European Mathematical Society
942 ## - ADDED ENTRY ELEMENTS (KOHA)
item type Books

No items available.

University Library, CUSAT